000 00248nam a2200097Ia 4500
001 728848
005 20250826163516.0
008 250824s9999 xx 000 0 und d
245 0 _açanakkkale çanakkkale
_cSEVİNÇ KUŞOĞLU
260 _bBU YAYIN EVİ
999 _c728848
_d728848